000 01228nam a2200337 a 4500
001 000017866
003 DO-SdBNP
005 20240123081353.0
007 ta
008 100407t1982 dr c 000 0bspa d
040 _aDO-SdBNP
_bspa
_cBNPHU
_erda
082 4 _a923.77295
_bH831O
_222
100 1 _aOraa, Luis María,
_d1926-
_938781
_eautora
245 1 0 _aHostos y la literatura /
_cLuis María Oraa.
264 _aSanto Domingo :
_bTaller,
_c1982.
300 _a137 páginas :
_bretratos ;
_c24 cm.
336 _2rdacontent
_atexto
_btxt
337 _2rdamedia
_asin mediación
_bn
338 _2rdacarrier
_avolumen
_bnc
490 0 _aEnsayo
_v4
500 _aIncluye datos biográficos del autor en la solapa de la cubierta.
500 _aIncluye referencias bibliográficas y notas al pie de las páginas.
504 _aBibliografía de Hostos : p. 133-137.
586 _aPremio Siboney de ensayo, 1984
590 _aInventariado, 2020/VM
650 4 _aHostos, Eugenio María de
_y1839-1903
_xCrítica e interpretación
_938782
650 4 _aAutores puertorriqueños
_xCrítica e interpretación
_938783
650 4 _aAutores en literatura
_922864
910 _aValidado. Control de calidad EMS
942 _2ddc
_cLBS1
999 _c17390
_d17390